Swarna mahal/ (Record no. 141619)

000 -LEADER
fixed length control field 00446nam a22001577a 4500
020 ## - INTERNATIONAL STANDARD BOOK NUMBER
International Standard Book Number 9780000306890
082 ## - DEWEY DECIMAL CLASSIFICATION NUMBER
Classification number M301
Item number SUS/S
100 ## - MAIN ENTRY--PERSONAL NAME
Personal name Susmesh Chandroth
9 (RLIN) 154312
245 ## - TITLE STATEMENT
Title Swarna mahal/
Statement of responsibility, etc. by Susmesh Chandroth
260 ## - PUBLICATION, DISTRIBUTION, ETC.
Place of publication, distribution, etc. Kottayam:
Name of publisher, distributor, etc. Sahitya Pravarthaka Cooperative Society,
Date of publication, distribution, etc. 2016.
300 ## - PHYSICAL DESCRIPTION
Extent 96p.
650 ## - SUBJECT ADDED ENTRY--TOPICAL TERM
Topical term or geographic name entry element Stories Malayalam
9 (RLIN) 154313
650 ## - SUBJECT ADDED ENTRY--TOPICAL TERM
Topical term or geographic name entry element Literature Malayalam
9 (RLIN) 154314
650 ## - SUBJECT ADDED ENTRY--TOPICAL TERM
Topical term or geographic name entry element Literature
9 (RLIN) 154315
942 ## - ADDED ENTRY ELEMENTS (KOHA)
Koha item type Book
Holdings
Withdrawn status Lost status Damaged status Not for loan Permanent Location Current Location Shelving location Date acquired Cost, normal purchase price Total Checkouts Full call number Barcode Date last seen Price effective from Koha item type
        Sree Sankaracharya University of Sanskrit Sree Sankaracharya University of Sanskrit Stacks 26.04.2019 80.00   M301 SUS/S 095160 26.04.2019 26.04.2019 Book